[Event "SLO-ch U12"]
[Site "Postojna"]
[Date "2008.03.01"]
[Round "9"]
[White "Dolenc, Martin"]
[Black "Debeljak, Vid"]
[Result "1/2-1/2"]
[WhiteElo "1500"]
[BlackElo "1500"]
[PlyCount "63"]
[EventDate "2008.02.24"]
[EventType "swiss"]
[EventRounds "9"]
[EventCountry "SLO"]
[SourceTitle "EXT 2010"]
[Source "ChessBase"]
[SourceDate "2010.11.25"]
[SourceVersion "1"]
[SourceVersionDate "2010.11.25"]
[SourceQuality "1"]

1. e4 e5 2. Bc4 Nc6 3. Nf3 Nd4 4. 0-0 Nxf3+ 5. Qxf3 Qf6 6. Qxf6 Nxf6 7. d3 h6 8. Nc3 Bc5 9. Nb5 0-0 10. Nxc7 Rb8 11. Be3 d6 12. h3 b6 13. Nd5 Nxd5 14. Bxd5 Be6 15. c3 Bxd5 16. exd5 b5 17. b4 Bb6 18. a4 bxa4 19. Bxb6 axb6 20. Rxa4 b5 21. Ra6 Rfd8 22. d4 exd4 23. cxd4 Ra8 24. Rxa8 Rxa8 25. Re1 Rc8 26. Re7 Rc4 27. Rd7 Rxb4 28. Rxd6 Rxd4 29. Rd8+ Kh7 30. d6 b4 31. d7 b3 32. Rb8 1/2-1/2

[Event "SLO-ch U12"]
[Site "Postojna"]
[Date "2008.02.26"]
[Round "4"]
[White "Skvarca, Anze"]
[Black "Dolenc, Martin"]
[Result "1-0"]
[WhiteElo "1500"]
[BlackElo "1500"]
[PlyCount "45"]
[EventDate "2008.02.24"]
[EventType "swiss"]
[EventRounds "9"]
[EventCountry "SLO"]
[SourceTitle "EXT 2010"]
[Source "ChessBase"]
[SourceDate "2010.11.25"]
[SourceVersion "1"]
[SourceVersionDate "2010.11.25"]
[SourceQuality "1"]

1. e4 d5 2. exd5 Qxd5 3. Nc3 Qf5 4. Nf3 e5 5. Bd3 Qf6 6. 0-0 Bc5 7. Re1 Nc6 8. Qe2 Nge7 9. Be4 0-0 10. Bxc6 Nxc6 11. h3 Re8 12. a3 Bf5 13. d3 h6 14. Be3 Bd4 15. Qd2 Bxe3 16. Rxe3 Nd4 17. Nxd4 exd4 18. Rxe8+ Rxe8 19. Nb5 a6 20. Nxc7 Rc8 21. Nd5 Qc6 22. Ne7+ Kh7 23. Nxc6 1-0

[Event "SLO-ch U10"]
[Site "Murska Sobota"]
[Date "2007.02.26"]
[Round "2"]
[White "Djuricic, Domen"]
[Black "Dolenc, Martin"]
[Result "1-0"]
[WhiteElo "1500"]
[BlackElo "1500"]
[PlyCount "60"]
[EventDate "2007.02.25"]
[EventType "swiss"]
[EventRounds "9"]
[EventCountry "SLO"]
[SourceTitle "CBM 117 Extra"]
[Source "ChessBase"]
[SourceDate "2007.05.09"]
[SourceVersion "1"]
[SourceVersionDate "2007.05.09"]
[SourceQuality "1"]

1. e4 e5 2. Nf3 Nc6 3. Bc4 Bc5 4. c3 Nf6 5. d3 0-0 6. b4 Bb6 7. Bg5 h6 8. Bh4 d6 9. 0-0 Bg4 10. Nbd2 a5 11. b5 Ne7 12. Bxf6 gxf6 13. Qb3 c6 14. a4 d5 15. exd5 cxb5 16. Bxb5 Nxd5 17. c4 Nf4 18. Ra3 Ne2+ 19. Kh1 Bc5 20. Ra2 Bd4 21. Nxd4 Nxd4 22. Qc3 f5 23. f3 Ne2 24. Qxe5 Qxd3 25. fxg4 fxg4 26. Qe4 Qxe4 27. Nxe4 Nd4 28. Nf6+ Kh8 29. Nxg4 h5 30. Ne5 Rae8 1-0

[Event "SLO-ch U10"]
[Site "Murska Sobota"]
[Date "2007.02.26"]
[Round "3"]
[White "Prezelj, Vid"]
[Black "Dolenc, Martin"]
[Result "0-1"]
[WhiteElo "1500"]
[BlackElo "1500"]
[PlyCount "88"]
[EventDate "2007.02.25"]
[EventType "swiss"]
[EventRounds "9"]
[EventCountry "SLO"]
[SourceTitle "CBM 117 Extra"]
[Source "ChessBase"]
[SourceDate "2007.05.09"]
[SourceVersion "1"]
[SourceVersionDate "2007.05.09"]
[SourceQuality "1"]

1. e4 e5 2. Nf3 Nc6 3. c3 Nf6 4. d4 exd4 5. e5 Ng4 6. cxd4 Bb4+ 7. Nbd2 Nh6 8. a3 Ba5 9. Bd3 d5 10. exd6 Bg4 11. 0-0 Nxd4 12. Re1+ Ne6 13. h3 Bh5 14. b4 Bb6 15. Be4 Rb8 16. Ng5 0-0 17. Nxh7 Bxd1 18. Rxd1 Re8 19. Bb2 cxd6 20. Nc4 Qc8 21. Nxd6 Qd7 22. Nxe8 Qxe8 23. Bf6 Qa4 24. Rd2 Bc7 25. Bc2 Qc6 26. Rad1 gxf6 27. Nxf6+ Kg7 28. Nh5+ Kf8 29. Bf5 Nxf5 30. Nf6 Nf4 31. Nh7+ Ke7 32. f3 Bb6+ 33. Kh2 Ne3 34. Re1 Nfxg2 35. Rg1 Ng4+ 36. hxg4 Bxg1+ 37. Kxg1 Qxf3 38. Ng5 Qe3+ 39. Rf2 Qxg5 40. Rxg2 Rh8 41. Re2+ Kf8 42. Rg2 Qc1+ 43. Kf2 Qd2+ 44. Kg3 Qe3# 0-1

[Event "SLO-chT qual"]
[Site "Kranj"]
[Date "1995.??.??"]
[Round "?"]
[White "Gaspersic, M."]
[Black "Dolenc, Martin"]
[Result "1-0"]
[WhiteElo "1835"]
[BlackElo "1700"]
[PlyCount "63"]
[EventDate "1995.??.??"]
[EventType "team-tourn"]
[EventRounds "4"]
[EventCountry "SLO"]
[SourceTitle "EXT 1998"]
[Source "ChessBase"]
[SourceDate "1997.11.17"]
[SourceVersion "1"]
[SourceVersionDate "1997.11.17"]
[SourceQuality "1"]

1. e4 e6 2. d4 d5 3. Nc3 Nf6 4. e5 Nfd7 5. Nf3 c5 6. Bf4 Qb6 7. Na4 Qa5+ 8. Nc3 Nc6 9. Be2 Qb4 10. 0-0 Qxb2 11. Nb5 cxd4 12. Nc7+ Kd8 13. Nxa8 Bc5 14. Bg5+ f6 15. exf6 gxf6 16. Bd2 b6 17. Bd3 Bb7 18. a3 e5 19. Qe2 e4 20. Rfb1 exd3 21. Qxd3 Qxa1 22. Rxa1 Bxa8 23. Qf5 Ne7 24. Qe6 Bb7 25. Bb4 Rf8 26. Re1 Re8 27. Bxc5 bxc5 28. Nh4 Bc8 29. f4 c4 30. Nf5 Ne5 31. Qd6+ Bd7 32. Nxe7 1-0